Bí quyết đầu tư chứng khoán

Nội dung quyển sách giới thiệu sơ lược tiểu sử của những người đã kiếm được hàng triệu đôla nhờ đầu tư chứng khoán, các nhân vật lỗi lạc ở Wall Street. Các nhân vật này không đoan quyết rằng bạn cũng có thể thành công giống như ho...

Szczegółowa specyfikacja

Zapisane w:
Opis bibliograficzny
1. autor: Stern, Kenneth A.
Format: Książka
Język:Undetermined
Wydane: Thành phố Hồ Chí Minh Trẻ 2007
Hasła przedmiotowe:
Etykiety: Dodaj etykietę
Nie ma etykietki, Dołącz pierwszą etykiete!
Thư viện lưu trữ: Trung tâm Học liệu Trường Đại học Cần Thơ
LEADER 01212nam a2200205Ia 4500
001 CTU_123335
008 210402s9999 xx 000 0 und d
020 |c 45000 
082 |a 332.642 
082 |b S839 
100 |a Stern, Kenneth A. 
245 0 |a Bí quyết đầu tư chứng khoán 
245 0 |c Kenneth A. Stern, Minh Đức, Hồ Kim Chung (dịch) 
260 |a Thành phố Hồ Chí Minh 
260 |b Trẻ 
260 |c 2007 
520 |a Nội dung quyển sách giới thiệu sơ lược tiểu sử của những người đã kiếm được hàng triệu đôla nhờ đầu tư chứng khoán, các nhân vật lỗi lạc ở Wall Street. Các nhân vật này không đoan quyết rằng bạn cũng có thể thành công giống như họ. Họ không nói rằng bạn có thể làm giàu nhanh chóng và họ cũng không lập luận rằng kiểu đầu tư của họ là phương cách duy nhất để tạo dựng gia sản 
650 |a Securities market,Stock market 
904 |i Nguyên 
980 |a Trung tâm Học liệu Trường Đại học Cần Thơ